Mubadi e Islam/ (Record no. 101247)
[ view plain ]
| 000 -LEADER | |
|---|---|
| fixed length control field | 00361nam a22001457a 4500 |
| 005 - DATE AND TIME OF LATEST TRANSACTION | |
| control field | 20260430121430.0 |
| 008 - FIXED-LENGTH DATA ELEMENTS--GENERAL INFORMATION | |
| fixed length control field | 180102b xxu||||| |||| 00| 0 eng d |
| 040 ## - CATALOGING SOURCE | |
| Transcribing agency | PK-LaUMT |
| 082 ## - DEWEY DECIMAL CLASSIFICATION NUMBER | |
| Classification number | PKAC 297 |
| Item number | ABU-M |
| 100 1# - MAIN ENTRY--PERSONAL NAME | |
| Personal name | Maududi, Syed Abul Ala |
| 245 ## - TITLE STATEMENT | |
| Title | Mubadi e Islam/ |
| Statement of responsibility, etc | Abul Ala Maududi |
| 260 ## - PUBLICATION, DISTRIBUTION, ETC. (IMPRINT) | |
| Place of publication, distribution, etc | [ ] |
| Name of publisher, distributor, etc | [ ] |
| Date of publication, distribution, etc | [ ] |
| 300 ## - PHYSICAL DESCRIPTION | |
| Extent | 190 |
| 942 ## - ADDED ENTRY ELEMENTS (KOHA) | |
| Koha item type | Books |
| Withdrawn status | Lost status | Damaged status | Home library | Current library | Date acquired | Full call number | Barcode | Date last seen | Price effective from | Koha item type | Copy number |
|---|---|---|---|---|---|---|---|---|---|---|---|
| UMT Main Campus | UMT Main Campus | 2018-01-02 | PKAC 297 ABU-M | 117093 | 2018-01-02 | 2018-01-02 | Books | ||||
| UMT Main Campus | UMT Main Campus | 2018-01-02 | PKAC 297 ABU-M | 117075 | 2018-01-02 | 2018-01-02 | Books | C-2 |
